Régimen político y preparación de Cortes en 1820 / (Record no. 93486)
[ view plain ]
| 000 -LEADER | |
|---|---|
| campo de control de longitud fija | 00869nam a2200253 i 4500 |
| 001 - NÚMERO DE CONTROL | |
| campo de control | 93486 |
| 003 - IDENTIFICADOR DE NÚMERO DE CONTROL | |
| campo de control | ES-MaACL |
| 005 - FECHA Y HORA DE LA ÚLTIMA TRANSACCIÓN | |
| campo de control | 20250728062606.0 |
| 007 - CAMPO FIJO DE DESCRIPCIÓN FÍSICA--INFORMACIÓN GENERAL | |
| campo de control de longitud fija | t| |
| 008 - DATOS DE LONGITUD FIJA--INFORMACIÓN GENERAL | |
| campo de control de longitud fija | 050531s1988 sp ||||1| spa d |
| 020 ## - NÚMERO INTERNACIONAL ESTÁNDAR DEL LIBRO | |
| Número Internacional Estándar del Libro | 84-505-7547-8 |
| 080 ## - NÚMERO DE LA CLASIFICACIÓN DECIMAL UNIVERSAL | |
| Número de la Clasificación Decimal Universal | 946.0"1814/33" |
| 080 ## - NÚMERO DE LA CLASIFICACIÓN DECIMAL UNIVERSAL | |
| Número de la Clasificación Decimal Universal | 342.5(460)"18" |
| 100 1# - ENTRADA PRINCIPAL--NOMBRE DE PERSONA | |
| Nombre de persona | Buldain Jaca, Blanca Esther. |
| 9 (RLIN) | 32494 |
| 245 10 - MENCIÓN DEL TÍTULO | |
| Título | Régimen político y preparación de Cortes en 1820 / |
| Mención de responsabilidad, etc. | Blanca Esther Buldain Jaca. |
| 260 ## - PUBLICACIÓN, DISTRIBUCIÓN, ETC. | |
| Lugar de publicación, distribución, etc. | Madrid : |
| Nombre del editor, distribuidor, etc. | Publicaciones del Congreso de los Diputados, |
| Fecha de publicación, distribución, etc. | [1988] |
| 300 ## - DESCRIPCIÓN FÍSICA | |
| Extensión | 443 p. ; |
| Dimensiones | 21 cm. |
| 490 1# - MENCIÓN DE SERIE | |
| Mención de serie | Monografías ; |
| Designación de volumen o secuencia | 13 |
| 610 1# - PUNTO DE ACCESO ADICIONAL DE MATERIA--NOMBRE DE ENTIDAD CORPORATIVA | |
| Nombre de entidad corporativa o nombre de jurisdicción como elemento de entrada | España. |
| Unidad subordinada | Cortes (1820-1823) |
| 9 (RLIN) | 3660 |
| 651 #4 - PUNTO DE ACCESO ADICIONAL DE MATERIA--NOMBRE GEOGRÁFICO | |
| Nombre geográfico | España- |
| Subdivisión general | Historia- |
| Subdivisión cronológica | 1814-1833, Fernando VII |
| 9 (RLIN) | 8248 |
| 830 00 - PUNTO DE ACCESO ADICIONAL DE SERIE-TÍTULO UNIFORME | |
| Título uniforme | Monografías (Centro de Estudios Benaventanos "Ledo del Pozo") |
| Designación de volumen o secuencia | 13 |
| 9 (RLIN) | 177262 |
| 852 ## - LOCALIZACIÓN | |
| Ubicación | ES-MaACL |
| Número de control de estantería | L-29131 |
| Sublocalización o colección | R.135503 |
| Estatus retirado | Estado de pérdida | Estado de daño | No para préstamo | Biblioteca de origen | Biblioteca actual | Ubicación en estantería | Fecha de adquisición | Fuente de adquisición | Total de préstamos | Signatura topográfica completa | Código de barras | Visto por última vez | Precio de reemplazo | Tipo de ítem Koha |
|---|---|---|---|---|---|---|---|---|---|---|---|---|---|---|
| Biblioteca del Ateneo de Madrid | Biblioteca del Ateneo de Madrid | Depósito 2 | 17/01/2008 | L-29131 | 1097627 | 23/02/2023 | 23/02/2023 | Libro impreso |
